[Event "CRO-chT"]
[Site "Makarska Tucepi"]
[Date "1995.??.??"]
[Round "?"]
[White "Jelica, Mara"]
[Black "Puljek Salai, Zorica"]
[Result "1-0"]
[WhiteElo "2170"]
[BlackElo "2200"]
[PlyCount "65"]
[EventDate "1995.??.??"]
[EventType "team"]
[EventRounds "8"]
[EventCountry "CRO"]
[SourceTitle "EXT 1997"]
[Source "ChessBase"]
[SourceDate "1996.11.15"]
[SourceVersion "1"]
[SourceVersionDate "1996.11.15"]
[SourceQuality "1"]

1. e4 e5 2. Nc3 Nf6 3. g3 Bc5 4. Bg2 Nc6 5. Nge2 a6 6. d3 d6 7. h3 b5 8. a3 Bb7 9. 0-0 0-0 10. Kh2 Nd7 11. g4 Nd4 12. Ng3 Qh4 13. Nce2 g6 14. Nxd4 Bxd4 15. c3 Bb6 16. f4 Qe7 17. f5 f6 18. h4 Kf7 19. g5 Ke8 20. Bh3 Bc8 21. a4 c6 22. axb5 cxb5 23. d4 Ra7 24. Be3 Rc7 25. dxe5 dxe5 26. Bd2 Nc5 27. gxf6 Qxf6 28. Bg5 Rd7 29. Bxf6 Rxd1 30. Raxd1 Rxf6 31. fxg6 Rxf1 32. Rxf1 Bxh3 33. gxh7 1-0